000 00284nam a22001337a 4500
008 170529b xxu||||| |||| 00| 0 eng d
020 _a9780521775267
041 _aeng
080 _a621
100 _a25
101 _aIM
245 _aMACHINE DREAMS
_cMIROWSKI, P
942 _2udc
_cBK
999 _c14778
_d14778